000 01162cam a2200349I 4500
001 25132
003 BD-RJUL
005 20211209050833.0
008 140316s1957 nyu 001 0 eng
035 _a(BD-RJUL)25201
035 _a(OCoLC)00279926
035 _aGLIS00715617
040 _aDLC
_cCSU
_dSER
_dMYG
_beng
041 _aeng
082 _a947
_bWOK 1957
090 _aDK268.S8
_bW6x
099 _aDK268.S8.W6x
100 1 _aWolfe, Bertram David,
_d1896-1977.
_977325
245 1 0 _aKhrushchev and Stalin's ghost :
_btext, background, and meaning of Khrushchev's secret report to the Twentieth Congress on the night of February 24-25, 1956. /
_cBertram David Wolfe
260 _aNew York :
_bPraeger,
_cc1957
300 _a322 p. ;
_c22 cm.
490 1 _aBooks that matter
504 _aIncludes index
600 1 0 _aStalin, Joseph,
_d1879-1953.
_977333
651 0 _aSoviet Union
_xPolitics and government
_y1936-1953.
_919025
700 1 _aKhrushchev, Nikita Sergeevich,
_d1894-1971.
_977327
830 0 _aBooks that matter.
_977334
942 _2ddc
_cBK
949 _aMYGW
_b39080009275956
999 _c25132
_d25132